00648 2200193 4500001002100000005001700021008004100038035002400079082001200103090001700115245009500132260010700227300002500334650004200359700002000401850001200421985000600433999001500439YOGYA-0209000006173520090227035948.0 ind  0010-020900000061735 a899.221 a899.221bLan aLANGENDRIYA Panji Wulung pergi ke MajapahitcRingkasan dan alih aksara oleh Suyadi Pratomo aJakartabDepartemen Pendidikan dan Kebudayaan Proyek Penerbitan Buku Sastra Indonesia dan Daerahc1982 a166 hlmbilusc21 cm aKesusastraan Jawa - Langendriyan Jawa aPratomo, Suyadi aYOPDYOG a1 aA000001664